|
|
|
|
| LEADER |
02107nam a2200445 i 4500 |
| 001 |
EBC4769014 |
| 003 |
MiAaPQ |
| 005 |
20200917021826.0 |
| 006 |
m o d | |
| 007 |
cr cnu|||||||| |
| 008 |
161219t20172017gw ob 001 0 ger d |
| 020 |
|
|
|z 9783110514704
|
| 020 |
|
|
|a 9783110516838 (e-book)
|
| 020 |
|
|
|z 9783110514865 (epub)
|
| 035 |
|
|
|a (MiAaPQ)EBC4769014
|
| 035 |
|
|
|a (Au-PeEL)EBL4769014
|
| 035 |
|
|
|a (CaPaEBR)ebr11316797
|
| 035 |
|
|
|a (CaONFJC)MIL970167
|
| 035 |
|
|
|a (OCoLC)966458156
|
| 040 |
|
|
|a MiAaPQ
|b eng
|e rda
|e pn
|c MiAaPQ
|d MiAaPQ
|
| 050 |
|
4 |
|a JX1393.C65
|b .H493 2017
|
| 082 |
0 |
|
|a 327.17094
|2 23
|
| 100 |
1 |
|
|a Heyde, Veronika,
|e author.
|
| 245 |
1 |
0 |
|a Frankreich im KSZE-prozess :
|b diplomatie im namen der europaischen sicherheit 1969-1983 /
|c Veronika Heyde.
|
| 264 |
|
1 |
|a Berlin, [Germany] ;
|a Boston, [Massachusetts] :
|b De Gruyter Oldenbourg,
|c 2017.
|
| 264 |
|
4 |
|c 2017
|
| 300 |
|
|
|a 1 online resource (481 pages).
|
| 336 |
|
|
|a text
|2 rdacontent
|
| 337 |
|
|
|a computer
|2 rdamedia
|
| 338 |
|
|
|a online resource
|2 rdacarrier
|
| 490 |
1 |
|
|a Quellen und Darstellungen zur Zeitgeschichte,
|x 0481-3545 ;
|v Band 113
|
| 504 |
|
|
|a Includes bibliographical references and index.
|
| 588 |
|
|
|a Description based on online resource; title from PDF title page (ebrary, viewed December 19, 2016).
|
| 590 |
|
|
|a Electronic reproduction. Ann Arbor, MI : ProQuest, 2016. Available via World Wide Web. Access may be limited to ProQuest affiliated libraries.
|
| 610 |
2 |
0 |
|a Conference on Security and Cooperation in Europe (Organization)
|
| 655 |
|
4 |
|a Electronic books.
|
| 776 |
0 |
8 |
|i Print version:
|a Heyde, Veronika.
|t Frankreich im KSZE-prozess : diplomatie im namen der europaischen sicherheit 1969-1983.
|d Berlin, [Germany] ; Boston, [Massachusetts] : De Gruyter Oldenbourg, c2017
|h viii, 473 pages
|k Quellen und Darstellungen zur Zeitgeschichte ; Band 113.
|z 9783110514704
|
| 797 |
2 |
|
|a ProQuest (Firm)
|
| 830 |
|
0 |
|a Quellen und Darstellungen zur Zeitgeschichte ;
|v Band 113.
|
| 856 |
4 |
0 |
|u https://ebookcentral.proquest.com/lib/matrademy/detail.action?docID=4769014
|z Click to View
|